|
|
|
|
| LEADER |
00000ny a22000003n 4500 |
| 005 |
20110530125814.0 |
| 008 |
080703s2001 sp s 000 0 spa c |
| 020 |
|
|
|a 847130998X
|
| 035 |
|
|
|a 433
|
| 040 |
|
|
|a UMA.RE
|d vLex
|
| 080 |
|
|
|a 336.225.673(094)(460)(0.034)
|
| 090 |
|
|
|c 354
|d 354
|
| 100 |
1 |
|
|a Muǫz Baǫs, Cipriano
|
| 245 |
1 |
0 |
|a Real Decreto 1930/1998, de 11 de septiembre
|h [Recurso electrn̤ico]
|b reglamento del procedimiento sancionador /
|c comentado por Cipriano Muǫz Baǫs
|
| 256 |
|
|
|a Servicio en ln̕ea
|
| 260 |
|
|
|a [Madrid] :
|b Edersa,
|c 2001
|
| 506 |
1 |
|
|a Contenido solo disponible en los productos indicados
|d vLex Global
|d vLex Global (Academic Edition, excluding Law Schools)
|d vLex Global (U.S. Academic Edition, Law Schools)
|d vLex Global (U.S. Academic Edition, excluding Law Schools)
|d vLex Global (Academic Edition, Law Schools)
|
| 650 |
0 |
7 |
|a Tributario
|2 Tesauro vLex
|
| 650 |
0 |
7 |
|a Procedimiento sancionador
|2 Tesauro vLex
|
| 740 |
0 |
|
|a vLex Libros (Servicios en ln̕ea)
|
| 856 |
4 |
0 |
|u http://vlex.com/source/433
|z Acceso restringido
|
| 942 |
|
|
|c BOOK
|
| 999 |
0 |
|
|a Taxation
|b Madrid
|